|
|
|
|
| LEADER |
00000nab#a22000007a#4500 |
| 001 |
arbauad004578 |
| 003 |
AR-BaUAD |
| 005 |
20250711110640.0 |
| 008 |
940630|||||||||###||||||b###|0###a|spa|| |
| 040 |
|
|
|a AR-BaUAD
|c AR-BaUAD
|b spa
|
| 245 |
1 |
0 |
|a Concurso Nacional de Anteproyectos para el Teatro Provincial de Salta
|
| 300 |
0 |
|
|b axonom., cortes, il., plantas, vistas
|
| 653 |
|
|
|a CONCURSOS
|
| 653 |
|
|
|a TEATROS
|
| 653 |
|
|
|a SALTA
|
| 653 |
|
|
|a PROYECTOS
|
| 653 |
|
|
|a PREMIOS
|
| 653 |
|
|
|a ARQUITECTOS
|
| 653 |
|
|
|a ARQUITECTURA
|
| 653 |
|
|
|a ARGENTINA
|
| 653 |
|
|
|a CASIRAGHI, FELIX
|
| 653 |
|
|
|a CASSINA, RICARDO
|
| 653 |
|
|
|a FRANGELLA, ROBERTO
|
| 653 |
|
|
|a BARBERO, ALBERTO
|
| 653 |
|
|
|a PORTO, JORGE RAUL DO
|
| 653 |
|
|
|a ESCUDERO, BEATRIZ
|
| 653 |
|
|
|a SORONDO, RODOLFO
|
| 653 |
|
|
|a DUJOVNE, BERARDO
|
| 653 |
|
|
|a HIRSCH, SILVIA
|
| 653 |
|
|
|a FORTEZA, JUAN CARLOS
|
| 653 |
|
|
|a FISCH, SARA
|
| 653 |
|
|
|a IGLESIAS, ARIEL
|
| 653 |
|
|
|a LOPEZ, ISABEL
|
| 653 |
|
|
|a MERLO, ANGEL
|
| 653 |
|
|
|a SESSA, EMILIO
|
| 653 |
|
|
|a STURLESE, ORLANDO
|
| 653 |
|
|
|a BEKINSCHTEIN, EDUARDO
|
| 773 |
0 |
|
|t SUMMA
|g no. 168 [nov. 1981], p. 21-36
|
| 942 |
|
|
|c ARTI
|
| 952 |
|
|
|0 0
|1 0
|4 0
|7 0
|9 49498
|a AR-BAuAD
|b AR-BAuAD
|d 2025-07-11
|l 0
|p AAQA004578
|r 2025-07-11 11:06:40
|w 2025-07-11
|y ARTI
|
| 990 |
|
|
|a AQ198
|b TD
|
| 998 |
|
|
|a AAQ
|b BIBUN76
|
| 999 |
|
|
|c 29171
|d 29171
|